| 000 | 01110nam a22002775a 4500 | ||
|---|---|---|---|
| 999 |
_c27035 _d27007 |
||
| 003 | EG-ScBUE | ||
| 005 | 20181210145315.0 | ||
| 008 | 181210s2018 ua frb 000 0 ara d | ||
| 040 |
_aEG-ScBUE _bara _cEG-ScBUE _dEG-ScBUE |
||
| 043 | _af-ua--- | ||
| 082 | 0 | 4 |
_a346.62052 _bق ن د _222 |
| 100 | 1 | _aقنديل، حسين محروس. | |
| 245 | 1 | 0 |
_aأحكام الميراث في الشريعة الإسلامية والقانون المصري / _cإعداد حسين محروس قنديل. |
| 246 | 3 | 0 | _aميراث |
| 260 |
_aالقاهرة : _bجامعة عين شمس، كلية حقوق، قسم الشريعة الإسلامية، _c[2018] |
||
| 300 |
_a244 ص. ؛ _c24 سم. |
||
| 504 | _aيشتمل على إرجاعات ببليوجرافية. | ||
| 650 | 7 |
_aالميراث (قانون) _zمصر. _2BUEsh |
|
| 650 | 7 |
_aالميراث (فقه إسلامي) _zمصر. _2BUEsh |
|
| 650 | 7 |
_aالوصية (قانون) _zمصر. _2BUEsh |
|
| 650 | 7 |
_aالوصية (فقه إسلامي) _zمصر. _2BUEsh |
|
| 651 | _2BUEsh | ||
| 653 |
_bLLAAWW _cDecember2018 |
||
| 655 | _vReading book | ||
| 942 | _2ddc | ||